书目信息 |
| 题名: |
金融丰富形态
|
|
| 作者: | 牛月 主编 | |
| 分册: | ||
| 出版信息: | 汕头 汕头大学出版社 2016 |
|
| 页数: | 122页 | |
| 开本: | 23cm | |
| 丛书名: | 中华复兴之光 | |
| 单 册: | ||
| 中图分类: | F832.92 | |
| 科图分类: | ||
| 主题词: | 金融--jin rong--经济史--中国--古代 | |
| 电子资源: | ||
| ISBN: | 978-7-5658-2323-7 | |
| 000 | 00984nam 2200241 450 | |
| 001 | 2366849362 | |
| 005 | 20231109152403.06 | |
| 010 | @a978-7-5658-2323-7@dCNY32.00 | |
| 100 | @a20170915d2016 em y0chiy50 ea | |
| 101 | 0 | @achi |
| 102 | @aCN@b440000 | |
| 105 | @aa z 000yy | |
| 200 | 1 | @a金融丰富形态@Ajin rong feng fu xing tai@f牛月主编 |
| 210 | @a汕头@c汕头大学出版社@d2016 | |
| 215 | @a122页@c彩图@d23cm | |
| 225 | 2 | @a中华复兴之光@Azhong hua fu xing zhi guang@i悠久文明历史 |
| 330 | @a本书主要介绍中国古代历代金融与货币流通。包括当铺、质库、高利贷、票号, 其中有晋商的兴盛与衰落、山西票号产生的背景、钱庄的产生与消亡、钱庄的运作方式、当铺的特色经营、当铺的历史作用、当铺业萌芽与形成、账局业务的兴衰、账局的放款方式、账商的经营能力、晋商账局的兴盛等。 | |
| 410 | 0 | @12001 @a中华复兴之光@i悠久文明历史 |
| 606 | 0 | @a金融@Ajin rong@x经济史@y中国@z古代 |
| 690 | @aF832.92@v5 | |
| 701 | 0 | @a牛月@Aniu yue@4主编 |
| 801 | 0 | @aCN@b山东中教@c20230926 |
| 905 | @aBZT@dF832.92@e2 | |
| 金融丰富形态/牛月主编.-汕头:汕头大学出版社,2016 |
| 122页:彩图;23cm.-(中华复兴之光.悠久文明历史) |
| ISBN 978-7-5658-2323-7:CNY32.00 |
| 本书主要介绍中国古代历代金融与货币流通。包括当铺、质库、高利贷、票号, 其中有晋商的兴盛与衰落、山西票号产生的背景、钱庄的产生与消亡、钱庄的运作方式、当铺的特色经营、当铺的历史作用、当铺业萌芽与形成、账局业务的兴衰、账局的放款方式、账商的经营能力、晋商账局的兴盛等。 |
| ● |
| 相关链接 |
|
|
|
正题名:金融丰富形态
索取号:F832.92/2
 
预约/预借
| 序号 | 登录号 | 条形码 | 馆藏地/架位号 | 状态 | 备注 |
| 1 | 2000964903 | 2000964903 | 第四书库/四007架A面3层1列/ [索取号:F832.92/2] | 在馆 | |
| 2 | 2000964904 | 2000964904 | 第四书库/四007架A面3层1列/ [索取号:F832.92/2] | 在馆 | |
| 3 | 2000964905 | 2000964905 | 第四书库/四007架A面3层1列/ [索取号:F832.92/2] | 在馆 | |
| 4 | 2000964906 | 2000964906 | 第四书库/四007架A面3层1列/ [索取号:F832.92/2] | 在馆 | |
| 5 | 2000964907 | 2000964907 | 第四书库/四007架A面3层1列/ [索取号:F832.92/2] | 在馆 | |
| 6 | 2000964908 | 2000964908 | 第四书库/四007架A面3层1列/ [索取号:F832.92/2] | 在馆 |